000 00658nam a2200217 i 4500
003 DO-SdBNP
005 20230519123057.0
007 ta
008 230413b1996 dr ||||| |||| 00| 0 spa d
040 _aDO-SdBNP
_bspa
_cBNPHU
_erda
082 4 _222
245 1 0 _aRaíces del derecho dominicano del trabajo /
_cTeódulo Pina Chevalier ; exordio Ramón Pina Acevedo.
264 _aSanto Domingo :
_bTaller,
_c1996.
300 _a123 páginas ;
_c23 cm.
336 _2rdacontent
_atexto
_btxt
337 _2rdamedia
_asin mediación
_bn
338 _2rdacarrier
_avolumen
_bn
590 _aInventariado, 2023 /LP
910 _aLopérez
942 _2ddc
_cLBS1
999 _c53226
_d53226